00450nmm a2200133Ia 4500008004100000020001800041041000800059100003600067245005900103264005800162300001800220650002700238856005100265251105s9999||||xx |||||||||||||||||und|| a9789587411218 aspa aVergara, Ricardo Adrián (ed.) 0aVulnerabilidad en grandes ciudades de América Latina a[Bogotá, Colombia] :bUniversidad del Norte, c2011 a166 páginas aEconomics and Business uhttps://public.digitaliapublishing.com/a/10097